000 00554cam a22002051 4500
001 sa 67001785
003 DLC
005 20260227112325.0
008 890925s1965 io 000 0 ind
010 _asa 67001785
035 _a(OCoLC)23544402
040 _aDLC
_cMiU
_dDLC
042 _apremarc
050 0 0 _aBP170.82
_b.A25
100 0 _aAbdullah bin Nuh,
_cRaden.
245 1 0 _aUchuwal Islamyah
_c[oleh] Abdullah B. Nuh.
260 _aDjakarta,
_bJajasan Lembaga Penjelidikan Islam,
_c1965.
300 _a116 p.
_c19 cm.
650 0 _aIslam
_xUnity
999 _c72857
_d72857